000 00766nam a2200265Ia 4500
003 OSt
005 20220918163534.0
006 a|||||r|||| 00| 0
007 ta
008 220917b |||||||| |||| 00| 0 eng d
020 _a0084632736 (pbk)
024 _a232,276
037 _cTextual
040 _aARTS
_cARTS
_beng
041 _2eng
_aeng
082 _aD65,8(B), N7
100 _aMadnick Stuart E.
_913588
245 0 _aOperating systems
260 _aNew Delhi
_bTata McGraw - Hill Publishing Company Limited
_c1997
300 _axvii, 640p.
_ccm.
650 _aENGINEERING; COMPUTR SCIENCE
_913589
700 _a Donovan John J.
_913590
942 _hD65,8(B), N7
_cTEXL
_2CC
999 _c119961
_d119961